| 000 | 00901nas a2200301 4500 | ||
|---|---|---|---|
| 001 | BR2019000665 | ||
| 003 | BR-BrBNA | ||
| 005 | 20231205131630.0 | ||
| 007 | ta | ||
| 008 | 230509b bl.|||p| |||| 00| 00por d | ||
| 040 |
_aBR-BrBNA _bpor _cBiblioteca Nacional de Agricultura |
||
| 041 | _a(Pt) | ||
| 072 | _aH20 | ||
| 100 | 1 | _aOliveira, M.L. de | |
| 100 | 1 | _aSacramento, C.K. | |
| 100 | 1 | _aBezerra, J.L. | |
| 100 | 1 | _aCerqueira, A.R.R.N. | |
| 100 | 1 | _aSilva, V.R. da | |
| 245 | 1 | _aPodridão-Negra da raiz da noz-moscadadeira causada por Rosellinia pepo | |
| 650 | _aNOZ MOSCADA | ||
| 650 | _aDOENÇA DE PLANTA | ||
| 650 | _aPODRIDÃO | ||
| 650 | _aFUNGO | ||
| 773 | 0 |
_tAgrotrópica (Brazil) _xISSN 0103-3816 _g(Jan-Dec 2006), v. 18(no. único) p. 89-92 _wBR2019000665 |
|
| 856 | 4 | 0 | _dLink DSPACE/MAPA BR2019000665 |
| 909 |
_a202311 _bLúcia _c55 _dLúcia Elande |
||
| 942 |
_2AGRIS _n0 _cANA |
||
| 999 |
_c255817 _d255817 |
||